| 000 | 00534nam a2200157 a 4500 | ||
|---|---|---|---|
| 008 | 120416s1994 ||||||||||||||||| || u | ||
| 020 | _a1868125343 | ||
| 050 | _aRA 644.M2 Mau | ||
| 100 | _aMaurel, Martine | ||
| 245 | 1 | 0 | _aMalaria |
| 246 | _aa layman's guide | ||
| 260 |
_aGoodwood, Cape _bSouthern Book Publishers _c1994 |
||
| 300 | _a[xii], 115p. : ill | ||
| 350 | _a0.00 | ||
| 995 |
_D0.00 _FCBU-MAIN LIBRARY (Kitwe) _H1 _I10.95 _UAVAILABLE _ZAnnex Low-Usage Collection |
||
| 999 |
_c49772 _d49772 |
||